[Event "HUN-chT Youth 2019"]
[Site "Budapest"]
[Date "2019.10.27"]
[Round "3.17"]
[White "Szabo, Miklos"]
[Black "Szabo, Balazs"]
[Result "1-0"]
[WhiteElo "1796"]
[BlackElo "2210"]
[Annotator "NA"]
[PlyCount "61"]
[EventDate "2019.10.26"]
[EventType "team-tourn"]
[EventCountry "HUN"]
[SourceTitle "playchess.com"]
[Source "ChessBase"]
[SourceQuality "1"]
[TimeControl "5400+30"]

1. e4 {[%emt 0:00:00]} e6 {[%emt 0:00:00]} 2. d4 {[%emt 0:00:00]} d5 {[%emt 0:00:00]} 3. e5 {[%emt 0:00:00]} c5 {[%emt 0:00:00]} 4. c3 {[%emt 0:00:00]} Nc6 {[%emt 0:00:00]} 5. Nf3 {[%emt 0:00:00]} Nh6 {[%emt 0:00:13]} 6. Bxh6 {[%emt 0:04:45]} gxh6 {[%emt 0:00:05]} 7. a3 {[%emt 0:02:02]} cxd4 {[%emt 0:01:13]} 8. cxd4 {[%emt 0:00:03]} Bg7 {[%emt 0:01:00]} 9. Nc3 {[%emt 0:02:14]} O-O {[%emt 0:01:01]} 10. Bd3 {[%emt 0:02:37]} f6 {[%emt 0:01:28]} 11. Qd2 {[%emt 0:23:26]} fxe5 {[%emt 0:05:23]} 12. dxe5 {[%emt 0:03:42]} Rf7 {[%emt 0:27:09]} 13. Qe2 d4 {[%emt 0:10:16]} 14. Nb5 {[%emt 0:06:02]} Qa5+ {[%emt 0:07:15]} 15. Kf1 {[%emt 0:03:19]} Qd8 {[%emt 0:09:26]} 16. Nd6 {[%emt 0:05:47]} Re7 {[%emt 0:04:21]} 17. Qe4 {[%emt 0:04:32]} Bxe5 {[%emt 0:02:26]} 18. Nxc8 {[%emt 0:00:24]} Rxc8 {[%emt 0:07:55]} 19. Nxe5 {[%emt 0:00:20]} Nxe5 {[%emt 0:02:47]} 20. Qxe5 {[%emt 0:00:42]} Qb6 {[%emt 0:03:29]} 21. Qb5 {[%emt 0:03:55]} Qd6 {[%emt 0:02:46]} 22. g3 {[%emt 0:01:35]} e5 {[%emt 0:04:36]} 23. Kg2 {[%emt 0:03:43]} e4 {[%emt 0:01:49]} 24. Bc4+ {[%emt 0:00:29]} Kh8 {[%emt 0:00:22]} 25. Qd5 {[%emt 0:01:58]} Qf6 {[%emt 0:01:44]} 26. Rhd1 {[%emt 0:01:19]} Qf3+ {[%emt 0:04:44]} 27. Kg1 {[%emt 0:00:07]} Rf8 {[%emt 0:01:03]} 28. Qxd4+ {[%emt 0:00:13]} Rg7 {[%emt 0:00:27]} 29. Qe3 {[%emt 0:01:12]} Qf5 {[%emt 0:00:37]} 30. Rd5 {[%emt 0:01:18]} Qg6 {[%emt 0:00:46]} 31. Rad1 {[%emt 0:00:30]} 1-0

[Event "HUN-chT Youth 2019"]
[Site "Budapest"]
[Date "2019.10.27"]
[Round "3.20"]
[White "Vanczak, Tamas"]
[Black "Gombocz, Zsofia"]
[Result "1-0"]
[WhiteElo "2327"]
[BlackElo "1917"]
[Annotator "NA"]
[PlyCount "57"]
[EventDate "2019.10.26"]
[EventType "team-tourn"]
[EventCountry "HUN"]
[SourceTitle "playchess.com"]
[Source "ChessBase"]
[SourceQuality "1"]
[TimeControl "5400+30"]

1. d4 {[%emt 0:00:00]} d5 {[%emt 0:00:00]} 2. Bg5 {[%emt 0:00:00]} Nf6 {[%emt 0:00:42]} 3. Bxf6 {[%emt 0:00:00]} exf6 {[%emt 0:00:05]} 4. e3 {[%emt 0:00:13]} Bf5 {[%emt 0:01:48]} 5. Nf3 {[%emt 0:00:48]} Nd7 {[%emt 0:01:15]} 6. c4 {[%emt 0:01:06]} dxc4 {[%emt 0:00:58]} 7. Bxc4 {[%emt 0:00:22]} Nb6 {[%emt 0:00:43]} 8. Bb3 {[%emt 0:01:23]} c5 {[%emt 0:03:10]} 9. Nc3 {[%emt 0:01:08]} Be7 {[%emt 0:03:02]} 10. Nh4 {[%emt 0:04:45]} Qd7 {[%emt 0:09:19]} 11. dxc5 {[%emt 0:08:04]} Bxc5 {[%emt 0:02:08]} 12. Qh5 {[%emt 0:02:13]} g6 {[%emt 0:03:49]} 13. Qf3 {[%emt 0:00:54]} O-O {[%emt 0:08:11]} 14. Rd1 {[%emt 0:08:01]} Bg4 {[%emt 0:08:43]} 15. Rxd7 {[%emt 0:00:26]} Bxf3 {[%emt 0:00:09]} 16. Rxf7 {[%emt 0:00:10]} Rxf7 {[%emt 0:00:19]} 17. Nxf3 {[%emt 0:00:06]} Rc8 {[%emt 0:04:09]} 18. O-O {[%emt 0:03:49]} Bb4 {[%emt 0:01:54]} 19. Bxf7+ {[%emt 0:00:17]} Kxf7 {[%emt 0:00:07]} 20. Nb5 {[%emt 0:00:50]} a6 {[%emt 0:03:13]} 21. Nbd4 {[%emt 0:00:17]} g5 {[%emt 0:02:13]} 22. g4 {[%emt 0:00:51]} a5 {[%emt 0:03:48]} 23. Rd1 {[%emt 0:04:57]} a4 {[%emt 0:02:43]} 24. Kg2 {[%emt 0:03:55]} Rc7 {[%emt 0:07:13]} 25. Nf5 {[%emt 0:05:06]} Rc2 {[%emt 0:04:55]} 26. Rd8 {[%emt 0:00:14]} Rxb2 {[%emt 0:03:37]} 27. Rb8 {[%emt 0:00:11]} Bc5 {[%emt 0:02:00]} 28. Rxb7+ {[%emt 0:00:10]} Ke8 {[%emt 0:00:37]} 29. Ng7+ {[%emt 0:00:42]} 1-0

[Event "HUN-chT Youth 2019"]
[Site "Budapest"]
[Date "2019.10.27"]
[Round "3.21"]
[White "Barasits, Balint"]
[Black "Pribelszky, Bence"]
[Result "1/2-1/2"]
[WhiteElo "1988"]
[BlackElo "2191"]
[Annotator "NA"]
[PlyCount "97"]
[EventDate "2019.10.26"]
[EventType "team-tourn"]
[EventCountry "HUN"]
[SourceTitle "playchess.com"]
[Source "ChessBase"]
[SourceQuality "1"]
[TimeControl "5400+30"]

1. e4 c5 {[%emt 0:00:00]} 2. Nf3 {[%emt 0:00:00]} e6 {[%emt 0:00:05]} 3. d4 {[%emt 0:00:21]} cxd4 {[%emt 0:00:00]} 4. Nxd4 {[%emt 0:00:00]} a6 {[%emt 0:00:33]} 5. c4 {[%emt 0:00:12]} Nf6 {[%emt 0:00:06]} 6. Bd3 {[%emt 0:00:35]} Nc6 {[%emt 0:00:26]} 7. Nxc6 {[%emt 0:00:18]} dxc6 {[%emt 0:02:39]} 8. O-O {[%emt 0:01:11]} e5 {[%emt 0:01:19]} 9. Nc3 {[%emt 0:02:24]} Bg4 {[%emt 0:05:16]} 10. f3 {[%emt 0:01:19]} Be6 {[%emt 0:08:59]} 11. Be3 {[%emt 0:00:20]} Nd7 {[%emt 0:03:02]} 12. Qe2 {[%emt 0:10:29]} Bc5 {[%emt 0:01:17]} 13. Kh1 {[%emt 0:04:03]} O-O {[%emt 0:03:13]} 14. Bc2 {[%emt 0:09:16]} Bxc4 {[%emt 0:07:23]} 15. Qxc4 {[%emt 0:00:11]} Bxe3 {[%emt 0:00:03]} 16. Qd3 {[%emt 0:00:57]} Bd4 {[%emt 0:02:27]} 17. f4 {[%emt 0:00:18]} Nc5 {[%emt 0:02:20]} 18. Qg3 {[%emt 0:07:07]} Bxc3 {[%emt 0:02:32]} 19. Qxc3 {[%emt 0:00:41]} Qd4 {[%emt 0:00:17]} 20. Qxd4 {[%emt 0:13:16]} exd4 {[%emt 0:00:02]} 21. Rad1 {[%emt 0:00:07]} Rfd8 {[%emt 0:02:41]} 22. Rf3 {[%emt 0:01:11]} a5 {[%emt 0:02:28]} 23. e5 {[%emt 0:12:27]} Rd5 {[%emt 0:04:47]} 24. Ra3 {[%emt 0:06:51]} d3 {[%emt 0:05:01]} 25. Bb1 {[%emt 0:04:04]} Rd4 {[%emt 0:03:22]} 26. Kg1 {[%emt 0:03:22]} g6 {[%emt 0:02:41]} 27. g3 {[%emt 0:01:40]} b6 {[%emt 0:01:27]} 28. Kf2 {[%emt 0:00:32]} Rad8 {[%emt 0:01:10]} 29. Ke3 {[%emt 0:00:10]} Re4+ {[%emt 0:01:37]} 30. Kf3 {[%emt 0:00:38]} Rb4 {[%emt 0:04:54]} 31. Rd2 {[%emt 0:00:55]} Na4 {[%emt 0:08:12]} 32. Raxd3 {[%emt 0:15:27]} Rxd3+ {[%emt 0:00:02]} 33. Rxd3 {[%emt 0:00:05]} Rxb2 {[%emt 0:00:48]} 34. Rd8+ {[%emt 0:00:15]} Kg7 {[%emt 0:00:03]} 35. Be4 {[%emt 0:01:12]} Rxa2 {[%emt 0:01:34]} 36. Bxc6 {[%emt 0:00:09]} Nc5 {[%emt 0:00:15]} 37. h4 {[%emt 0:01:57]} Ra3+ {[%emt 0:00:44]} 38. Kf2 {[%emt 0:01:16]} h5 {[%emt 0:00:24]} 39. Ra8 {[%emt 0:00:49]} Nd3+ {[%emt 0:08:55]} 40. Kg2 {[%emt 0:00:26]} Nb4 {[%emt 0:00:01]} 41. Bb5 {[%emt 0:00:43]} Nd5 {[%emt 0:00:29]} 42. Ra7 {[%emt 0:00:38]} Ne3+ {[%emt 0:04:51]} 43. Kf2 {[%emt 0:00:33]} Ng4+ {[%emt 0:00:34]} 44. Kg2 {[%emt 0:01:21]} Kf8 {[%emt 0:08:28]} 45. Ra8+ {[%emt 0:01:09]} Kg7 {[%emt 0:00:02]} 46. Ra7 {[%emt 0:00:04]} Ra2+ {[%emt 0:03:22]} 47. Kf3 {[%emt 0:00:10]} Ra3+ {[%emt 0:00:21]} 48. Kg2 Ra2+ 49. Kf3 1/2-1/2

[Event "HUN-chT Youth 2019"]
[Site "Budapest"]
[Date "2019.10.27"]
[Round "3.22"]
[White "Kiss, Eniko"]
[Black "Kiraly, Barnabas"]
[Result "1/2-1/2"]
[WhiteElo "1703"]
[BlackElo "1742"]
[Annotator "NA"]
[PlyCount "46"]
[EventDate "2019.10.26"]
[EventType "team-tourn"]
[EventCountry "HUN"]
[SourceTitle "playchess.com"]
[Source "ChessBase"]
[SourceQuality "1"]
[TimeControl "5400+30"]

1. c4 {[%emt 0:00:12]} Nf6 {[%emt 0:00:11]} 2. g3 {[%emt 0:00:05]} g6 {[%emt 0:00:09]} 3. Bg2 {[%emt 0:00:03]} Bg7 {[%emt 0:00:07]} 4. Nc3 {[%emt 0:00:08]} c6 {[%emt 0:00:17]} 5. e4 {[%emt 0:00:33]} e5 {[%emt 0:00:19]} 6. d3 {[%emt 0:01:05]} d6 {[%emt 0:00:19]} 7. f4 {[%emt 0:01:27]} Nbd7 {[%emt 0:01:31]} 8. Nf3 {[%emt 0:02:01]} O-O {[%emt 0:00:40]} 9. O-O {[%emt 0:01:40]} Qe7 {[%emt 0:01:36]} 10. Re1 {[%emt 0:02:18]} a5 {[%emt 0:01:32]} 11. b3 {[%emt 0:06:56]} Nc5 {[%emt 0:01:17]} 12. Be3 {[%emt 0:03:10]} Nfd7 {[%emt 0:01:46]} 13. Qd2 {[%emt 0:02:12]} Ne6 {[%emt 0:03:24]} 14. f5 {[%emt 0:11:10]} Nd4 {[%emt 0:01:59]} 15. Ne2 {[%emt 0:04:25]} Nxf3+ {[%emt 0:05:21]} 16. Bxf3 {[%emt 0:00:22]} Nc5 {[%emt 0:01:17]} 17. fxg6 {[%emt 0:02:42]} hxg6 {[%emt 0:03:03]} 18. Nc3 {[%emt 0:13:00]} Rd8 {[%emt 0:03:41]} 19. Rad1 {[%emt 0:02:07]} Be6 {[%emt 0:01:49]} 20. Bg5 {[%emt 0:13:03]} f6 {[%emt 0:01:35]} 21. Be3 {[%emt 0:00:23]} Rf8 {[%emt 0:06:14]} 22. d4 {[%emt 0:10:31]} exd4 {[%emt 0:03:08]} 23. Bxd4 {[%emt 0:01:50]} Rad8 {[%emt 0:02:12]} 1/2-1/2

[Event "HUN-chT Youth 2019"]
[Site "Budapest"]
[Date "2019.10.27"]
[Round "3.23"]
[White "Petroczy, Zoltan"]
[Black "Ivan, Reka Gyongyver"]
[Result "1/2-1/2"]
[WhiteElo "1573"]
[BlackElo "1686"]
[Annotator "NA"]
[PlyCount "70"]
[EventDate "2019.10.26"]
[EventType "team-tourn"]
[EventCountry "HUN"]
[SourceTitle "playchess.com"]
[Source "ChessBase"]
[SourceQuality "1"]
[TimeControl "5400+30"]

1. e4 {[%emt 0:00:00]} c6 {[%emt 0:00:00]} 2. d4 {[%emt 0:00:00]} d5 {[%emt 0:00:00]} 3. Nd2 {[%emt 0:00:18]} dxe4 {[%emt 0:00:00]} 4. Nxe4 {[%emt 0:00:02]} Bf5 {[%emt 0:00:11]} 5. Ng3 {[%emt 0:00:21]} Bg6 {[%emt 0:00:08]} 6. h4 {[%emt 0:00:30]} h6 {[%emt 0:00:08]} 7. Nf3 {[%emt 0:00:50]} Nd7 {[%emt 0:00:11]} 8. h5 {[%emt 0:00:32]} Bh7 {[%emt 0:00:07]} 9. Bd3 {[%emt 0:00:28]} Bxd3 {[%emt 0:00:08]} 10. Qxd3 {[%emt 0:00:14]} e6 {[%emt 0:00:11]} 11. Bd2 {[%emt 0:00:47]} Ngf6 {[%emt 0:00:16]} 12. O-O-O {[%emt 0:01:06]} Be7 {[%emt 0:00:39]} 13. Bf4 {[%emt 0:02:28]} O-O {[%emt 0:02:52]} 14. Qe2 {[%emt 0:03:00]} Qa5 {[%emt 0:04:32]} 15. Kb1 {[%emt 0:01:34]} Qb6 {[%emt 0:05:57]} 16. Bc1 {[%emt 0:01:09]} Nd5 {[%emt 0:02:24]} 17. Ka1 {[%emt 0:01:56]} a5 {[%emt 0:02:09]} 18. Ne5 {[%emt 0:00:36]} N7f6 {[%emt 0:04:17]} 19. Ne4 {[%emt 0:00:32]} Nxe4 {[%emt 0:04:03]} 20. Nd7 {[%emt 0:01:13]} Qa6 {[%emt 0:09:07]} 21. Qxe4 {[%emt 0:00:14]} Rfd8 {[%emt 0:00:36]} 22. Ne5 {[%emt 0:00:39]} a4 {[%emt 0:01:37]} 23. Qf3 {[%emt 0:02:29]} Nf6 {[%emt 0:04:32]} 24. g4 {[%emt 0:01:13]} Qa5 {[%emt 0:21:30]} 25. c4 {[%emt 0:08:31]} a3 {[%emt 0:02:42]} 26. b3 {[%emt 0:02:27]} Rxd4 {[%emt 0:07:59]} 27. Rxd4 {[%emt 0:02:46]} Qxe5 {[%emt 0:00:33]} 28. Qe3 {[%emt 0:00:07]} Ne4 {[%emt 0:00:44]} 29. f4 {[%emt 0:01:44]} Qf6 {[%emt 0:01:32]} 30. Kb1 {[%emt 0:00:18]} Bc5 {[%emt 0:02:07]} 31. Qxe4 {[%emt 0:01:27]} Qxd4 {[%emt 0:01:28]} 32. Qxd4 {[%emt 0:00:20]} Bxd4 {[%emt 0:00:06]} 33. Rd1 {[%emt 0:01:42]} c5 {[%emt 0:05:10]} 34. g5 {[%emt 0:02:07]} Kh7 {[%emt 0:03:21]} 35. Kc2 {[%emt 0:03:23]} b6 {[%emt 0:06:58]} 1/2-1/2

[Event "HUN-chT Youth 2019"]
[Site "Budapest"]
[Date "2019.10.27"]
[Round "3.24"]
[White "Kiraly, Lilla Virag"]
[Black "Farkas, Boglarka"]
[Result "1-0"]
[WhiteElo "1450"]
[BlackElo "1391"]
[Annotator "NA"]
[PlyCount "115"]
[EventDate "2019.10.26"]
[EventType "team-tourn"]
[EventCountry "HUN"]
[SourceTitle "playchess.com"]
[Source "ChessBase"]
[SourceQuality "1"]
[TimeControl "5400+30"]

1. e4 {[%emt 0:00:00]} c5 {[%emt 0:00:00]} 2. Nc3 {[%emt 0:00:00]} Nc6 {[%emt 0:00:03]} 3. g3 {[%emt 0:00:14]} Nf6 {[%emt 0:00:36]} 4. Bg2 {[%emt 0:00:17]} d6 {[%emt 0:00:24]} 5. d3 {[%emt 0:00:14]} e6 {[%emt 0:00:29]} 6. f4 {[%emt 0:00:23]} Be7 {[%emt 0:00:41]} 7. Nf3 {[%emt 0:00:30]} a6 {[%emt 0:00:44]} 8. O-O {[%emt 0:01:21]} O-O {[%emt 0:00:23]} 9. h3 {[%emt 0:00:34]} b5 {[%emt 0:01:33]} 10. Be3 {[%emt 0:00:55]} Bb7 {[%emt 0:01:22]} 11. Qd2 {[%emt 0:02:23]} Qc7 {[%emt 0:02:29]} 12. Rae1 {[%emt 0:03:06]} Rfd8 {[%emt 0:07:43]} 13. d4 {[%emt 0:05:11]} cxd4 {[%emt 0:03:58]} 14. Nxd4 {[%emt 0:02:11]} Na5 {[%emt 0:01:56]} 15. Qc1 {[%emt 0:10:14]} Rac8 {[%emt 0:03:32]} 16. a3 {[%emt 0:03:04]} Qc4 {[%emt 0:07:43]} 17. Rd1 {[%emt 0:09:38]} b4 {[%emt 0:05:51]} 18. axb4 {[%emt 0:07:01]} Qxb4 {[%emt 0:00:25]} 19. Na2 {[%emt 0:20:49]} Qc4 {[%emt 0:12:40]} 20. Nc3 {[%emt 0:05:57]} Nc6 {[%emt 0:04:09]} 21. Nxc6 {[%emt 0:03:47]} Qxc6 {[%emt 0:02:12]} 22. Rd2 {[%emt 0:03:04]} Qc4 {[%emt 0:05:18]} 23. Rd4 {[%emt 0:07:50]} Qc7 {[%emt 0:01:28]} 24. Rfd1 {[%emt 0:03:31]} e5 {[%emt 0:04:24]} 25. R4d3 {[%emt 0:06:43]} Qc4 {[%emt 0:02:39]} 26. Bb6 {[%emt 0:02:10]} Re8 {[%emt 0:02:47]} 27. b3 {[%emt 0:01:23]} Qb4 {[%emt 0:04:11]} 28. Qe3 {[%emt 0:00:23]} Rc6 {[%emt 0:00:48]} 29. Ba7 {[%emt 0:00:46]} Rec8 {[%emt 0:00:42]} 30. Nd5 {[%emt 0:00:41]} Nxd5 {[%emt 0:03:03]} 31. exd5 {[%emt 0:00:16]} Rxc2 {[%emt 0:02:38]} 32. fxe5 {[%emt 0:00:38]} dxe5 {[%emt 0:00:36]} 33. Qxe5 {[%emt 0:00:33]} Bd6 {[%emt 0:03:51]} 34. Qd4 {[%emt 0:00:31]} R8c3 {[%emt 0:09:14]} 35. Qxb4 {[%emt 0:00:24]} Bxb4 {[%emt 0:00:11]} 36. Rxc3 {[%emt 0:00:13]} Rxc3 {[%emt 0:01:49]} 37. Kh2 {[%emt 0:00:52]} Bd6 {[%emt 0:00:30]} 38. b4 {[%emt 0:00:13]} Rxg3 {[%emt 0:01:10]} 39. Kh1 {[%emt 0:00:46]} Rg6 {[%emt 0:00:59]} 40. Bc5 {[%emt 0:00:22]} h6 {[%emt 0:00:12]} 41. Re1 {[%emt 0:00:25]} Rf6 {[%emt 0:02:11]} 42. Re8+ {[%emt 0:00:31]} Kh7 {[%emt 0:00:10]} 43. Be4+ {[%emt 0:00:26]} g6 {[%emt 0:00:06]} 44. Bd4 {[%emt 0:00:18]} Kg7 {[%emt 0:01:33]} 45. Bxf6+ {[%emt 0:00:40]} Kxf6 {[%emt 0:00:04]} 46. Bg2 {[%emt 0:00:14]} Bxb4 {[%emt 0:00:10]} 47. Rb8 {[%emt 0:00:13]} Bxd5 {[%emt 0:00:35]} 48. Bxd5 {[%emt 0:00:21]} a5 {[%emt 0:00:21]} 49. Rb7 {[%emt 0:00:23]} g5 {[%emt 0:01:03]} 50. Bxf7 {[%emt 0:00:27]} Kg7 {[%emt 0:00:41]} 51. Bh5+ {[%emt 0:00:45]} Kg8 {[%emt 0:00:42]} 52. Kg2 {[%emt 0:00:21]} Bd2 {[%emt 0:00:39]} 53. Kf3 {[%emt 0:00:44]} Bb4 {[%emt 0:01:34]} 54. Ke4 {[%emt 0:00:14]} Bf8 {[%emt 0:00:13]} 55. Kf5 {[%emt 0:00:24]} a4 {[%emt 0:00:17]} 56. Bf7+ {[%emt 0:00:50]} Kh8 {[%emt 0:00:19]} 57. Kg6 {[%emt 0:00:29]} a3 {[%emt 0:00:19]} 58. Rb8 {[%emt 0:00:15]} 1-0

[Event "HUN-chT Youth 2019"]
[Site "Budapest"]
[Date "2019.10.27"]
[Round "3.25"]
[White "Geher, Koppany"]
[Black "Acs, Marton"]
[Result "1-0"]
[WhiteElo "2256"]
[BlackElo "2126"]
[Annotator "NA"]
[PlyCount "81"]
[EventDate "2019.10.26"]
[EventType "team-tourn"]
[EventCountry "HUN"]
[SourceTitle "playchess.com"]
[Source "ChessBase"]
[SourceQuality "1"]
[TimeControl "5400+30"]

1. e4 {[%emt 0:00:00]} e5 {[%emt 0:00:00]} 2. Nf3 {[%emt 0:00:00]} Nc6 {[%emt 0:00:00]} 3. Bc4 {[%emt 0:00:00]} Bc5 {[%emt 0:00:34]} 4. b4 {[%emt 0:00:00]} Bb6 {[%emt 0:00:47]} 5. a4 {[%emt 0:00:07]} a6 {[%emt 0:00:27]} 6. Nc3 {[%emt 0:00:07]} Nf6 {[%emt 0:09:06]} 7. Nd5 {[%emt 0:00:09]} Nxd5 {[%emt 0:08:04]} 8. exd5 {[%emt 0:00:11]} Nd4 {[%emt 0:00:16]} 9. a5 {[%emt 0:00:07]} Ba7 {[%emt 0:04:14]} 10. d6 {[%emt 0:00:06]} cxd6 {[%emt 0:21:51]} 11. Nxd4 {[%emt 0:02:03]} Bxd4 {[%emt 0:00:32]} 12. Qf3 {[%emt 0:00:25]} O-O {[%emt 0:03:15]} 13. c3 {[%emt 0:01:25]} Ba7 {[%emt 0:00:10]} 14. O-O {[%emt 0:01:57]} d5 {[%emt 0:11:12]} 15. Bxd5 {[%emt 0:01:12]} Qc7 {[%emt 0:00:40]} 16. d4 {[%emt 0:17:24]} d6 {[%emt 0:08:56]} 17. Re1 {[%emt 0:02:28]} Rb8 {[%emt 0:03:07]} 18. Qg3 {[%emt 0:02:57]} Bf5 {[%emt 0:08:43]} 19. dxe5 {[%emt 0:02:00]} dxe5 {[%emt 0:00:02]} 20. Rxe5 {[%emt 0:17:00]} Rbe8 {[%emt 0:04:16]} 21. Bf4 {[%emt 0:12:10]} Qd7 22. Rae1 Rxe5 {[%emt 0:05:13]} 23. Bxe5 {[%emt 0:01:32]} Bg6 {[%emt 0:00:23]} 24. c4 {[%emt 0:01:50]} Kh8 {[%emt 0:03:40]} 25. Qc3 {[%emt 0:06:34]} f6 {[%emt 0:00:27]} 26. Bd4 {[%emt 0:00:41]} Bxd4 {[%emt 0:04:52]} 27. Qxd4 {[%emt 0:00:04]} Bf7 {[%emt 0:00:28]} 28. h3 {[%emt 0:04:40]} Bxd5 {[%emt 0:01:38]} 29. Qxd5 {[%emt 0:04:14]} Qxd5 {[%emt 0:00:32]} 30. cxd5 {[%emt 0:00:02]} Rd8 {[%emt 0:00:43]} 31. Re7 {[%emt 0:07:38]} h5 {[%emt 0:00:08]} 32. Rxb7 {[%emt 0:00:12]} Rxd5 {[%emt 0:00:08]} 33. Kf1 {[%emt 0:00:52]} Rd1+ {[%emt 0:01:04]} 34. Ke2 {[%emt 0:00:02]} Rb1 {[%emt 0:00:11]} 35. Kd3 {[%emt 0:02:16]} Rb2 {[%emt 0:00:11]} 36. b5 {[%emt 0:06:17]} axb5 {[%emt 0:00:19]} 37. a6 {[%emt 0:00:01]} Ra2 {[%emt 0:00:35]} 38. a7 {[%emt 0:00:06]} Kh7 {[%emt 0:00:06]} 39. Kd4 {[%emt 0:00:03]} b4 {[%emt 0:01:01]} 40. Kc4 {[%emt 0:00:16]} Kg6 {[%emt 0:00:58]} 41. Kxb4 {[%emt 0:00:45]} 1-0

[Event "HUN-chT Youth 2019"]
[Site "Budapest"]
[Date "2019.10.27"]
[Round "3.26"]
[White "Juhasz, Judit"]
[Black "Ongut, Tamas Gunes"]
[Result "1-0"]
[WhiteElo "2004"]
[BlackElo "2214"]
[Annotator "NA"]
[PlyCount "109"]
[EventDate "2019.10.26"]
[EventType "team-tourn"]
[EventCountry "HUN"]
[SourceTitle "playchess.com"]
[Source "ChessBase"]
[SourceQuality "1"]
[TimeControl "5400+30"]

1. e4 {[%emt 0:00:00]} c5 {[%emt 0:01:38]} 2. Nf3 {[%emt 0:00:00]} d6 {[%emt 0:01:13]} 3. d4 {[%emt 0:00:26]} cxd4 {[%emt 0:00:16]} 4. Nxd4 {[%emt 0:00:07]} Nf6 {[%emt 0:00:07]} 5. Nc3 {[%emt 0:00:12]} a6 {[%emt 0:00:48]} 6. Be3 {[%emt 0:00:25]} e5 {[%emt 0:01:22]} 7. Nb3 {[%emt 0:00:29]} Be6 {[%emt 0:00:09]} 8. f3 {[%emt 0:00:16]} h5 {[%emt 0:00:27]} 9. Qd2 {[%emt 0:00:28]} Nbd7 {[%emt 0:00:31]} 10. O-O-O {[%emt 0:01:06]} b5 {[%emt 0:01:07]} 11. Nd5 {[%emt 0:03:56]} Bxd5 {[%emt 0:00:19]} 12. exd5 {[%emt 0:00:07]} Nb6 {[%emt 0:06:17]} 13. Bg5 {[%emt 0:06:14]} Be7 {[%emt 0:01:52]} 14. Bxf6 {[%emt 0:04:01]} Bxf6 {[%emt 0:00:31]} 15. Kb1 {[%emt 0:00:16]} Bg5 {[%emt 0:04:55]} 16. Qb4 {[%emt 0:02:50]} Rc8 {[%emt 0:06:45]} 17. Na5 {[%emt 0:02:12]} O-O {[%emt 0:00:29]} 18. h4 {[%emt 0:05:45]} Qc7 {[%emt 0:01:22]} 19. c3 {[%emt 0:03:11]} Bf4 {[%emt 0:05:33]} 20. g4 {[%emt 0:02:32]} Qc5 {[%emt 0:21:01]} 21. Qe4 Na4 {[%emt 0:10:38]} 22. Nc6 {[%emt 0:08:50]} Qf2 {[%emt 0:01:26]} 23. Be2 {[%emt 0:01:54]} Rc7 {[%emt 0:05:42]} 24. gxh5 {[%emt 0:05:55]} Nc5 {[%emt 0:10:44]} 25. Qc2 {[%emt 0:00:40]} f5 {[%emt 0:01:42]} 26. Rdf1 {[%emt 0:18:16]} Qe3 {[%emt 0:00:30]} 27. Rhg1 e4 28. Rg6 Re8 {[%emt 0:05:38]} 29. Nd4 {[%emt 0:01:30]} Re5 {[%emt 0:03:02]} 30. Rxd6 {[%emt 0:06:05]} exf3 {[%emt 0:02:50]} 31. Rd8+ {[%emt 0:00:35]} Kf7 {[%emt 0:00:29]} 32. Bxf3 {[%emt 0:02:45]} Ne4 {[%emt 0:02:42]} 33. Bxe4 {[%emt 0:00:44]} Rxe4 {[%emt 0:00:34]} 34. a3 {[%emt 0:01:29]} Qh3 {[%emt 0:00:48]} 35. Rd1 {[%emt 0:01:50]} Rc4 {[%emt 0:02:27]} 36. Rd7+ {[%emt 0:02:29]} Ke8 {[%emt 0:00:30]} 37. Ra7 {[%emt 0:05:54]} Be5 {[%emt 0:00:19]} 38. Ne2 {[%emt 0:04:08]} Qe3 {[%emt 0:00:02]} 39. Ra8+ {[%emt 0:00:06]} Kd7 {[%emt 0:00:28]} 40. Rd2 {[%emt 0:02:25]} f4 {[%emt 0:00:18]} 41. Nc1 {[%emt 0:04:26]} f3 {[%emt 0:00:13]} 42. Rd3 {[%emt 0:01:06]} Qf4 {[%emt 0:00:29]} 43. Qf2 {[%emt 0:00:20]} Bd4 {[%emt 0:00:14]} 44. Qxf3 {[%emt 0:00:17]} Qxf3 45. Rxf3 {[%emt 0:00:05]} Re1 {[%emt 0:01:12]} 46. cxd4 {[%emt 0:01:38]} Rexc1+ {[%emt 0:00:41]} 47. Ka2 {[%emt 0:00:03]} Rxd4 {[%emt 0:00:20]} 48. Rf7+ {[%emt 0:00:24]} Kd6 {[%emt 0:00:09]} 49. Rxa6+ {[%emt 0:00:46]} Kxd5 {[%emt 0:00:13]} 50. Rxg7 {[%emt 0:02:17]} b4 {[%emt 0:00:22]} 51. Rd7+ {[%emt 0:01:10]} Ke5 {[%emt 0:00:10]} 52. Rxd4 {[%emt 0:00:18]} Kxd4 {[%emt 0:00:06]} 53. Ra4 {[%emt 0:00:13]} Rc4 {[%emt 0:00:10]} 54. Rxb4 {[%emt 0:00:06]} Rxb4 {[%emt 0:00:04]} 55. axb4 {[%emt 0:00:07]} 1-0

[Event "HUN-chT Youth 2019"]
[Site "Budapest"]
[Date "2019.10.27"]
[Round "3.27"]
[White "Juhasz, Agoston"]
[Black "Bakos, Balazs"]
[Result "1-0"]
[WhiteElo "2115"]
[BlackElo "2408"]
[Annotator "NA"]
[PlyCount "79"]
[EventDate "2019.10.26"]
[EventType "team-tourn"]
[EventCountry "HUN"]
[SourceTitle "playchess.com"]
[Source "ChessBase"]
[SourceQuality "1"]
[TimeControl "5400+30"]

1. e4 {[%emt 0:00:00]} c5 {[%emt 0:00:00]} 2. Nf3 {[%emt 0:00:00]} e6 {[%emt 0:00:00]} 3. c4 {[%emt 0:05:28]} Nc6 {[%emt 0:00:30]} 4. Nc3 {[%emt 0:00:17]} Nf6 {[%emt 0:01:12]} 5. Be2 {[%emt 0:01:14]} Be7 {[%emt 0:02:34]} 6. O-O {[%emt 0:00:20]} Qc7 {[%emt 0:02:48]} 7. d4 {[%emt 0:02:41]} cxd4 {[%emt 0:00:11]} 8. Nxd4 {[%emt 0:00:10]} a6 {[%emt 0:02:10]} 9. Be3 {[%emt 0:03:25]} d6 {[%emt 0:07:13]} 10. Rc1 {[%emt 0:00:59]} Nxd4 {[%emt 0:08:31]} 11. Qxd4 {[%emt 0:01:54]} Bd7 {[%emt 0:01:30]} 12. f4 {[%emt 0:02:20]} Bc6 {[%emt 0:07:43]} 13. Bf3 {[%emt 0:14:45]} O-O {[%emt 0:10:32]} 14. g4 {[%emt 0:05:13]} Nd7 {[%emt 0:07:56]} 15. Qd2 {[%emt 0:16:20]} a5 {[%emt 0:35:45]} 16. g5 {[%emt 0:00:30]} Rfe8 17. h4 b6 {[%emt 0:07:54]} 18. h5 {[%emt 0:03:41]} Nc5 {[%emt 0:01:56]} 19. Qg2 {[%emt 0:02:40]} Qb7 {[%emt 0:00:31]} 20. Kh2 {[%emt 0:04:38]} Bf8 {[%emt 0:00:29]} 21. Rce1 {[%emt 0:03:25]} Rad8 {[%emt 0:00:30]} 22. Bg1 {[%emt 0:02:22]} Nd3 {[%emt 0:00:27]} 23. Rd1 {[%emt 0:05:42]} Nxf4 {[%emt 0:00:14]} 24. Qf2 {[%emt 0:00:54]} Rb8 {[%emt 0:00:47]} 25. Bg4 {[%emt 0:02:44]} e5 {[%emt 0:00:29]} 26. Nd5 {[%emt 0:01:22]} Bxd5 {[%emt 0:00:14]} 27. cxd5 {[%emt 0:00:47]} Be7 {[%emt 0:00:21]} 28. g6 {[%emt 0:01:15]} fxg6 {[%emt 0:00:49]} 29. hxg6 {[%emt 0:00:14]} Nxg6 {[%emt 0:00:40]} 30. Be6+ {[%emt 0:11:34]} Kh8 {[%emt 0:00:02]} 31. Qg3 {[%emt 0:00:57]} Rf8 {[%emt 0:00:58]} 32. Be3 {[%emt 0:02:14]} Rxf1 {[%emt 0:00:30]} 33. Rxf1 {[%emt 0:00:01]} Rf8 {[%emt 0:00:15]} 34. Rg1 {[%emt 0:03:12]} Bh4 {[%emt 0:00:47]} 35. Qh3 {[%emt 0:01:26]} Qe7 {[%emt 0:00:29]} 36. Rg4 {[%emt 0:01:07]} Bf2 {[%emt 0:00:29]} 37. Bg5 {[%emt 0:01:08]} Qc7 {[%emt 0:00:28]} 38. Bf5 {[%emt 0:00:02]} Qf7 {[%emt 0:00:34]} 39. Rg2 {[%emt 0:00:56]} Bd4 {[%emt 0:00:29]} 40. Bd2 {[%emt 0:00:20]} 1-0